[Event "Kerkinitida Cup Rapid"]
[Site "Evpatoria"]
[Date "2023.09.01"]
[Round "8"]
[White "Mukhtarova, Anastasiia"]
[Black "Tihonov, Gennady"]
[Result "0-1"]
[WhiteElo "1835"]
[BlackElo "1827"]
[PlyCount "114"]
[EventDate "2023.08.31"]
[EventType "swiss (rapid)"]
[EventRounds "11"]
[EventCountry "UKR"]
[SourceTitle "EXT 2024"]
[Source "ChessBase"]
[SourceDate "2023.10.10"]
[SourceVersion "1"]
[SourceVersionDate "2023.10.10"]
[SourceQuality "1"]

1. c4 e5 2. Nc3 Nf6 3. Nf3 Nc6 4. e3 Bb4 5. Qc2 0-0 6. d3 Re8 7. Be2 d5 8. cxd5 Nxd5 9. Bd2 Bg4 10. 0-0 Bh5 11. a3 Bf8 12. b4 a6 13. Rab1 Nxc3 14. Bxc3 Bg6 15. Nd2 Qd7 16. Rfd1 f6 17. Ba1 Red8 18. Nb3 Bf7 19. Nc5 Bxc5 20. Qxc5 Qd6 21. Rbc1 Bb3 22. Rd2 Qxc5 23. Rxc5 Ba4 24. Bd1 Bxd1 25. Rxd1 Rd7 26. Kf1 Rad8 27. Ke2 Kf7 28. Bc3 Ne7 29. d4 Nd5 30. Bb2 Nb6 31. Rc2 e4 32. Rdc1 Nd5 33. Rc4 Ke6 34. a4 Ra8 35. a5 c6 36. f3 f5 37. Rf1 Rf7 38. Ba3 g5 39. Rcc1 Rg8 40. fxe4 fxe4 41. g4 Rg6 42. Rxf7 Kxf7 43. Rf1+ Rf6 44. Rf2 Rxf2+ 45. Kxf2 Ke6 46. h3 Nc3 47. Bc1 Kd5 48. Bd2 Kc4 49. Kg3 Kd3 50. Be1 Nd5 51. h4 h6 52. hxg5 hxg5 53. Bf2 Nxb4 54. Bg1 Nc2 55. Bf2 Nxe3 56. Be1 Nc2 57. Bf2 e3 0-1

[Event "Alushta Rapid op"]
[Site "Alushta"]
[Date "2022.07.03"]
[Round "3"]
[White "Tihonov, Gennady"]
[Black "Gochelashvili, David"]
[Result "0-1"]
[WhiteElo "1827"]
[BlackElo "2324"]
[PlyCount "64"]
[EventDate "2022.07.03"]
[EventType "swiss (rapid)"]
[EventRounds "11"]
[EventCountry "UKR"]
[SourceTitle "CBM 209 Extra"]
[Source "ChessBase"]
[SourceDate "2022.09.30"]
[SourceVersion "1"]
[SourceVersionDate "2022.09.30"]
[SourceQuality "1"]

1. e4 c5 2. Nf3 Nc6 3. Bb5 e6 4. Bxc6 bxc6 5. 0-0 Ne7 6. d3 Ng6 7. Re1 e5 8. Nbd2 Be7 9. Nc4 d6 10. Bd2 0-0 11. a4 f5 12. exf5 Bxf5 13. Ne3 Be6 14. h3 Qd7 15. Nh2 Nf4 16. Neg4 h5 17. Nxe5 dxe5 18. Bxf4 Rxf4 19. Qxh5 Bf6 20. Re3 c4 21. Rae1 cxd3 22. Rxd3 Rd4 23. Rxd4 exd4 24. Nf3 Qd5 25. Qxd5 Bxd5 26. Nd2 Rb8 27. b3 d3 28. c4 Bf7 29. Rb1 Re8 30. Kf1 Re2 31. Nf3 Bg6 32. g4 Be4 0-1

[Event "Black Sea GP"]
[Site "Evpatoria"]
[Date "2021.10.27"]
[Round "9"]
[White "Triapishko, Alexandr"]
[Black "Tihonov, Gennady"]
[Result "1-0"]
[WhiteElo "2506"]
[BlackElo "1827"]
[PlyCount "149"]
[EventDate "2021.10.19"]
[EventType "swiss"]
[EventRounds "9"]
[EventCountry "UKR"]
[SourceTitle "EXT 2023"]
[Source "ChessBase"]
[SourceDate "2022.10.05"]
[SourceVersion "1"]
[SourceVersionDate "2022.10.05"]
[SourceQuality "1"]

1. c4 e5 2. Nc3 Nf6 3. Nf3 Nc6 4. e4 Bb4 5. d3 h6 6. g3 Qe7 7. Bg2 Nd4 8. 0-0 Nxf3+ 9. Bxf3 c6 10. Na4 d6 11. a3 Ba5 12. b4 Bc7 13. Bg2 Bd7 14. Bb2 Rd8 15. d4 Bc8 16. Re1 Ng4 17. Qe2 0-0 18. Rad1 Rfe8 19. h3 Nf6 20. Qe3 Bb8 21. Re2 Nh7 22. Red2 Ng5 23. h4 Ne6 24. d5 Nf8 25. dxc6 bxc6 26. c5 Ne6 27. cxd6 Rxd6 28. Rxd6 Bxd6 29. Rc1 Qb7 30. Bf1 Rd8 31. Ba1 Qa8 32. Bc4 Qb7 33. Rd1 Qe7 34. Rd2 Bb8 35. Kg2 Rxd2 36. Qxd2 Qd6 37. Bc3 Qxd2 38. Bxd2 Kf8 39. Be3 Ke7 40. Kf3 Nd4+ 41. Bxd4 exd4 42. Ke2 f5 43. Kd3 f4 44. gxf4 Bxf4 45. Kxd4 Kd6 46. Nc5 Be5+ 47. Ke3 Bf6 48. h5 Bg4 49. Be2 Bg5+ 50. Kd3 Bc8 51. Kd4 Bf6+ 52. Ke3 a5 53. Bc4 axb4 54. axb4 Bg4 55. f4 Bc3 56. Be2 Bc8 57. Nd3 Ba6 58. Nf2 Bxe2 59. Kxe2 Bxb4 60. Nd3 Ba3 61. Kf3 c5 62. Ne5 Ke6 63. Nc4 Bc1 64. Kg4 Kf6 65. f5 Bg5 66. e5+ Kf7 67. Kf3 Ke7 68. Ke4 Bh4 69. Kd5 Bf2 70. Nd6 Bd4 71. f6+ gxf6 72. Nf5+ Kf8 73. e6 Be5 74. Nxh6 Bf4 75. Nf5 1-0

[Event "Black Sea GP"]
[Site "Evpatoria"]
[Date "2021.10.26"]
[Round "8"]
[White "Tihonov, Gennady"]
[Black "Samson, Anna Rao T"]
[Result "1-0"]
[WhiteElo "1827"]
[BlackElo "1573"]
[PlyCount "55"]
[EventDate "2021.10.19"]
[EventType "swiss"]
[EventRounds "9"]
[EventCountry "UKR"]
[SourceTitle "EXT 2023"]
[Source "ChessBase"]
[SourceDate "2022.10.05"]
[SourceVersion "1"]
[SourceVersionDate "2022.10.05"]
[SourceQuality "1"]

1. e4 e5 2. Nf3 Nc6 3. Bb5 a6 4. Bxc6 bxc6 5. d3 d6 6. Nbd2 Bg4 7. h3 Bh5 8. Nf1 Qf6 9. g4 Bg6 10. Ng3 d5 11. 0-0 Rd8 12. Bg5 Qe6 13. Bxd8 Kxd8 14. c4 dxe4 15. dxe4+ Bd6 16. c5 Bxe4 17. Nxe4 Kd7 18. cxd6 cxd6 19. Nc5+ Ke7 20. Nxe6 fxe6 21. Qd3 Nf6 22. Rfd1 Rd8 23. Nxe5 a5 24. Nxc6+ Kf7 25. Nxd8+ Ke7 26. Qxd6+ Ke8 27. Qxe6+ Kf8 28. Qf7# 1-0

[Event "Black Sea GP"]
[Site "Evpatoria"]
[Date "2021.10.23"]
[Round "5"]
[White "Aryslanov, Leonidas"]
[Black "Tihonov, Gennady"]
[Result "0-1"]
[WhiteElo "1121"]
[BlackElo "1827"]
[PlyCount "98"]
[EventDate "2021.10.19"]
[EventType "swiss"]
[EventRounds "9"]
[EventCountry "UKR"]
[SourceTitle "EXT 2023"]
[Source "ChessBase"]
[SourceDate "2022.10.05"]
[SourceVersion "1"]
[SourceVersionDate "2022.10.05"]
[SourceQuality "1"]

1. e4 e5 2. Qh5 Nc6 3. Nc3 Nf6 4. Qd1 d5 5. exd5 Nxd5 6. Nxd5 Qxd5 7. b3 Bc5 8. Bb2 Bf5 9. c4 Qd6 10. Nf3 0-0 11. Be2 Rfe8 12. 0-0 Rad8 13. d3 Bxd3 14. Bxd3 Qxd3 15. Qxd3 Rxd3 16. Rad1 Rxd1 17. Rxd1 f6 18. Rd7 Rd8 19. Rxd8+ Nxd8 20. Nd2 Kf7 21. Kf1 Ke6 22. Ne4 Be7 23. g3 Nf7 24. f4 exf4 25. gxf4 Kf5 26. Nc3 c6 27. Bc1 g6 28. Be3 a6 29. a3 Bxa3 30. Bb6 Kxf4 31. Ne2+ Kg4 32. Bd4 f5 33. Kg2 Ng5 34. Kf2 f4 35. Bf6 Ne4+ 36. Kg2 f3+ 37. Kf1 fxe2+ 38. Kxe2 Nxf6 39. Kf2 Kf4 40. h4 Kg4 41. Ke3 Kxh4 42. Ke2 g5 43. Kf3 Kh3 44. b4 g4+ 45. Kf2 g3+ 46. Kg1 Ne4 47. b5 Nd2 48. b6 Bc5+ 49. Kh1 g2# 0-1

[Event "Black Sea GP"]
[Site "Evpatoria"]
[Date "2021.10.20"]
[Round "2"]
[White "Tihonov, Gennady"]
[Black "Grinivetskii, Mark"]
[Result "1-0"]
[WhiteElo "1827"]
[BlackElo "1350"]
[PlyCount "151"]
[EventDate "2021.10.19"]
[EventType "swiss"]
[EventRounds "9"]
[EventCountry "UKR"]
[SourceTitle "EXT 2023"]
[Source "ChessBase"]
[SourceDate "2022.10.05"]
[SourceVersion "1"]
[SourceVersionDate "2022.10.05"]
[SourceQuality "1"]

1. e4 e5 2. Nf3 Nc6 3. d4 exd4 4. Nxd4 Bc5 5. Nxc6 Qf6 6. Qf3 Qxf3 7. gxf3 dxc6 8. Be3 Be7 9. Nd2 Be6 10. f4 f5 11. e5 0-0-0 12. Rg1 g6 13. Be2 Nh6 14. h3 a6 15. Nb3 Rhg8 16. c4 Nf7 17. Nd4 Bb4+ 18. Kf1 Rde8 19. Nxe6 Rxe6 20. c5 Rd8 21. Bc4 Re7 22. Ke2 Nxe5 23. fxe5 Rxe5 24. Kf3 Bxc5 25. Bg5 Be7 26. Bxe7 Rxe7 27. Rad1 Rde8 28. Bd3 Rd7 29. Bc2 Red8 30. Rxd7 Rxd7 31. Rd1 Re7 32. h4 Re5 33. Bd3 Rd5 34. Bc2 Rb5 35. Rd2 Rb4 36. h5 Rh4 37. hxg6 hxg6 38. Bb3 Rg4 39. Be6+ Kb8 40. Rd7 Re4 41. Bf7 Rg4 42. Rd8+ Ka7 43. Rg8 g5 44. Be6 Re4 45. Rg6 Kb6 46. Kg3 Rg4+ 47. Kf3 Rf4+ 48. Ke3 Re4+ 49. Kd2 Rf4 50. Ke2 g4 51. Rf6 Re4+ 52. Kf1 Rd4 53. Rxf5 Rd2 54. b4 Rd4 55. Rg5 Rxb4 56. Rxg4 Rb1+ 57. Ke2 Kc5 58. f4 Kd6 59. f5 Rb5 60. Rd4+ Kc5 61. Rd7 Kb6 62. Kf3 Kc5 63. f6 Rb1 64. Bf5 Rf1+ 65. Kg4 Rg1+ 66. Kh5 Rh1+ 67. Kg6 Rg1+ 68. Kf7 Rf1 69. Be6 Rg1 70. Ke7 Kb6 71. f7 Rf1 72. f8Q Rxf8 73. Kxf8 c5 74. Rd2 Ka5 75. Ke7 Kb6 76. Kd7 1-0

[Event "Black Sea GP"]
[Site "Evpatoria"]
[Date "2021.10.19"]
[Round "1"]
[White "Demidov, Mikhail"]
[Black "Tihonov, Gennady"]
[Result "1-0"]
[WhiteElo "2551"]
[BlackElo "1827"]
[PlyCount "83"]
[EventDate "2021.10.19"]
[EventType "swiss"]
[EventRounds "9"]
[EventCountry "UKR"]
[SourceTitle "EXT 2023"]
[Source "ChessBase"]
[SourceDate "2022.10.05"]
[SourceVersion "1"]
[SourceVersionDate "2022.10.05"]
[SourceQuality "1"]

1. Nf3 d5 2. g3 Nf6 3. Bg2 e6 4. c4 dxc4 5. Qa4+ Bd7 6. Qxc4 Bc6 7. 0-0 Be7 8. Nc3 Nbd7 9. e4 0-0 10. Re1 Nb6 11. Qe2 Bc5 12. d4 Bb4 13. Qc2 a5 14. a3 Be7 15. Bf4 Nh5 16. Be3 Nc4 17. Bc1 Nb6 18. h4 Nf6 19. Bg5 h6 20. Bf4 Nh5 21. Be3 Nc4 22. Bc1 Nf6 23. Qd3 Nb6 24. Bf4 Na4 25. Qc2 Nb6 26. Rad1 Qc8 27. d5 Bd7 28. dxe6 Bxe6 29. Nb5 Ne8 30. Nbd4 a4 31. Nxe6 Qxe6 32. Nd4 Qc4 33. Qb1 Qc5 34. Nf5 Bd8 35. e5 c6 36. Be3 Qa5 37. Qc1 Nd5 38. Bxh6 Qc7 39. Rd4 Ne7 40. Nxg7 Nxg7 41. Bxg7 Nf5 42. Bf6 1-0

[Event "Poti op 13th"]
[Site "Poti"]
[Date "2018.07.19"]
[Round "8"]
[White "Tihonov, Gennady"]
[Black "Kokaia, Guram"]
[Result "0-1"]
[WhiteElo "1845"]
[BlackElo "2159"]
[PlyCount "76"]
[EventDate "2018.07.13"]
[EventType "swiss"]
[EventRounds "9"]
[EventCountry "GEO"]
[SourceTitle "CBM 185 Extra"]
[Source "ChessBase"]
[SourceDate "2018.07.29"]
[SourceVersion "1"]
[SourceVersionDate "2018.07.29"]
[SourceQuality "1"]

1. e4 c5 2. Nf3 d6 3. Bb5+ Bd7 4. Bxd7+ Qxd7 5. c4 Nc6 6. d4 cxd4 7. Nxd4 g6 8. 0-0 Bg7 9. Be3 Nf6 10. Nc3 Ng4 11. Qd2 Nxe3 12. fxe3 Ne5 13. b3 0-0 14. Rad1 Rac8 15. Nd5 h5 16. Qe1 Qd8 17. Qh4 Re8 18. Qf2 a6 19. Qd2 e6 20. Nc3 Qc7 21. Na4 Red8 22. Nf3 b5 23. cxb5 axb5 24. Nb2 d5 25. exd5 Rxd5 26. Qe2 Qc2 27. Qxc2 Nxf3+ 28. gxf3 Rxc2 29. Rxd5 exd5 30. Nd3 Rxa2 31. Rd1 d4 32. e4 Rc2 33. h3 Rc3 34. b4 Rb3 35. Kg2 Bf8 36. Kg3 f6 37. f4 Bxb4 38. Kh4 Rxd3 0-1

[Event "Poti op 13th"]
[Site "Poti"]
[Date "2018.07.14"]
[Round "2"]
[White "Tihonov, Gennady"]
[Black "Pshmahov, Osman"]
[Result "0-1"]
[WhiteElo "1845"]
[BlackElo "2136"]
[PlyCount "98"]
[EventDate "2018.07.13"]
[EventType "swiss"]
[EventRounds "9"]
[EventCountry "GEO"]
[SourceTitle "CBM 185 Extra"]
[Source "ChessBase"]
[SourceDate "2018.07.29"]
[SourceVersion "1"]
[SourceVersionDate "2018.07.29"]
[SourceQuality "1"]

1. e4 d6 2. Nc3 Nf6 3. d3 g6 4. g3 Bg7 5. Bg2 0-0 6. Nge2 c5 7. 0-0 Nc6 8. h3 Rb8 9. Nf4 b5 10. Ncd5 e6 11. Nxf6+ Bxf6 12. h4 Ne7 13. h5 e5 14. Nh3 Nc6 15. Bh6 Re8 16. Be3 Be6 17. c3 b4 18. Qe2 c4 19. Rfd1 bxc3 20. bxc3 cxd3 21. Qxd3 Be7 22. hxg6 hxg6 23. Qa6 Qc8 24. Qxc8 Rexc8 25. Ng5 Bg4 26. Rdb1 f6 27. Nf3 Be6 28. a4 Na5 29. Rxb8 Rxb8 30. Bxa7 Ra8 31. Be3 Nb3 32. Rb1 Rxa4 33. Nd2 Nc5 34. Rb4 Ra3 35. c4 Nd3 36. Rb7 Kf8 37. Kh2 Nc5 38. Rb6 Kf7 39. Rb4 Nd7 40. Bf1 d5 41. Rb3 d4 42. Rxa3 Bxa3 43. Nb1 Bb2 44. Bd2 Nc5 45. f3 Ke7 46. Kg2 Kd7 47. Kf2 Kc6 48. Bb4 f5 49. exf5 gxf5 0-1

[Event "UKR-ch sf"]
[Site "Alushta"]
[Date "2011.05.10"]
[Round "8"]
[White "Muhtarov, Leonid"]
[Black "Tihonov, Gennady"]
[Result "1-0"]
[WhiteElo "2131"]
[BlackElo "1983"]
[PlyCount "67"]
[EventDate "2011.05.03"]
[EventType "swiss"]
[EventRounds "9"]
[EventCountry "UKR"]
[SourceTitle "CBM 142 Extra"]
[Source "ChessBase"]
[SourceDate "2011.06.27"]
[SourceVersion "1"]
[SourceVersionDate "2011.06.27"]
[SourceQuality "1"]

1. Nf3 Nf6 2. g3 b6 3. Bg2 Bb7 4. c4 c5 5. Nc3 e6 6. 0-0 Be7 7. Re1 Ne4 8. Nxe4 Bxe4 9. d3 Bb7 10. e4 d6 11. d4 Nd7 12. d5 exd5 13. cxd5 0-0 14. Bf4 Qc7 15. Rc1 Bf6 16. b4 Rfe8 17. bxc5 bxc5 18. Qa4 Red8 19. Rb1 Nb6 20. Qa5 Re8 21. Qb5 Rab8 22. a4 Ba8 23. Qa6 Nc8 24. Bh3 Bb7 25. Qb5 Ne7 26. Qd7 Qxd7 27. Bxd7 Red8 28. Bxd6 Rxd7 29. Bxb8 Bc3 30. Rec1 Bb4 31. Ne5 Rd8 32. Bxa7 f6 33. Bxc5 Nxd5 34. exd5 1-0

[Event "UKR-ch"]
[Site "Alushta"]
[Date "2010.05.10"]
[Round "8"]
[White "Tihonov, Gennady"]
[Black "Evdokimov, Alexander A"]
[Result "1-0"]
[WhiteElo "1916"]
[BlackElo "2187"]
[PlyCount "109"]
[EventDate "2010.05.03"]
[EventType "swiss"]
[EventRounds "9"]
[EventCountry "UKR"]
[SourceTitle "CBM 136 Extra"]
[Source "ChessBase"]
[SourceDate "2010.07.02"]
[SourceVersion "2"]
[SourceVersionDate "2010.07.15"]
[SourceQuality "1"]

1. d4 e6 2. c4 f5 3. g3 Nf6 4. Bg2 d5 5. Qc2 c6 6. Nf3 Bd6 7. 0-0 0-0 8. b3 Nbd7 9. Bb2 Qe7 10. Nbd2 b6 11. a3 Ba6 12. b4 b5 13. cxb5 Bxb5 14. Rfe1 Ne4 15. e3 g5 16. Ne5 Bxe5 17. dxe5 Rfc8 18. f3 Ba4 19. Qc1 Nxd2 20. Qxd2 c5 21. Rec1 Rab8 22. Bc3 Qg7 23. f4 Bc6 24. Kh1 h5 25. h4 gxf4 26. gxf4 Kh7 27. Qf2 Qg4 28. Rg1 Rg8 29. Kh2 Qg6 30. Bf3 Qf7 31. Rg5 Rxg5 32. hxg5 Rh8 33. Qe2 c4 34. a4 Kg6 35. b5 Ba8 36. Bd4 Nb6 37. a5 Nc8 38. Qb2 Rh7 39. Rb1 Qd7 40. Qb4 Qe7 41. Bc5 Qd7 42. Kh3 Bb7 43. Kh4 Qd8 44. Bd4 Ba8 45. Bd1 Kg7 46. Rb2 Kg6 47. Ba4 Re7 48. b6 a6 49. Qc5 Rh7 50. Bc6 Bb7 51. Bxb7 Rxb7 52. Qc6 Re7 53. Bc5 Na7 54. Bxe7 Qxe7 55. bxa7 1-0

[Event "UKR-ch"]
[Site "Alushta"]
[Date "2010.05.03"]
[Round "1"]
[White "Babiy, Olga"]
[Black "Tihonov, Gennady"]
[Result "0-1"]
[WhiteElo "2254"]
[BlackElo "1916"]
[PlyCount "104"]
[EventDate "2010.05.03"]
[EventType "swiss"]
[EventRounds "9"]
[EventCountry "UKR"]
[SourceTitle "CBM 136 Extra"]
[Source "ChessBase"]
[SourceDate "2010.07.02"]
[SourceVersion "2"]
[SourceVersionDate "2010.07.15"]
[SourceQuality "1"]

1. e4 c6 2. d4 d5 3. Nc3 dxe4 4. Nxe4 Nd7 5. Bc4 Ngf6 6. Ng5 e6 7. f4 Nb6 8. Bb3 c5 9. dxc5 Qxd1+ 10. Kxd1 Bxc5 11. N1f3 h6 12. Nh3 0-0 13. a4 Rd8+ 14. Ke2 Nbd5 15. Nf2 b6 16. Bc4 Bb7 17. Nd3 Be7 18. Bd2 Rac8 19. b3 Ne4 20. Be1 Bf6 21. Rc1 Ndc3+ 22. Bxc3 Nxc3+ 23. Ke3 g5 24. fxg5 hxg5 25. Nfe5 Nd5+ 26. Kf2 Nf4 27. Rhe1 Nxg2 28. Re2 Rc7 29. Rg1 Nh4 30. Ke1 Rd4 31. Rf1 Kg7 32. Kd1 Nf5 33. Kc1 Re4 34. Rfe1 Rxe2 35. Rxe2 Nd6 36. Nb2 Nxc4 37. Nbxc4 Bd5 38. Nd6 Kf8 39. Nb5 Re7 40. c4 Ba8 41. Kc2 Bxe5 42. Rxe5 f5 43. b4 Kf7 44. Nd6+ Kf6 45. Re2 Bc6 46. b5 Bf3 47. Rf2 g4 48. a5 bxa5 49. c5 Ke5 50. Kc3 Kd5 51. Nc8 Rc7 52. Nxa7 Kxc5 0-1

[Event "UKR-chT final B 16th"]
[Site "Alushta"]
[Date "2009.05.28"]
[Round "3"]
[White "Tarasov, Sergey Ivan"]
[Black "Tihonov, Gennady"]
[Result "1-0"]
[WhiteElo "2020"]
[BlackElo "1984"]
[PlyCount "113"]
[EventDate "2009.05.26"]
[EventType "team-k.o."]
[EventRounds "3"]
[EventCountry "UKR"]
[SourceTitle "EXT 2019"]
[Source "ChessBase"]
[SourceDate "2018.10.10"]
[SourceVersion "1"]
[SourceVersionDate "2018.10.10"]
[SourceQuality "1"]
[WhiteTeam "Pavlograd Tura"]
[BlackTeam "Simferopol Tavriya"]
[WhiteTeamCountry "UKR"]
[BlackTeamCountry "UKR"]

1. e4 c6 2. Nf3 d5 3. exd5 cxd5 4. d4 Nf6 5. c4 Nc6 6. Nc3 Bg4 7. h3 Bxf3 8. gxf3 e6 9. c5 Be7 10. Be3 g6 11. Qd2 Nh5 12. Bb5 Qc7 13. Ne2 Bf6 14. Nf4 Ng7 15. Nd3 Nf5 16. Bf4 Qe7 17. Ne5 Rc8 18. 0-0-0 0-0 19. Bxc6 bxc6 20. Rdg1 Bg7 21. h4 f6 22. Ng4 e5 23. Nh6+ Nxh6 24. Bxh6 Rf7 25. Be3 f5 26. Bg5 Qf8 27. h5 exd4 28. hxg6 Qxc5+ 29. Kb1 hxg6 30. Bh6 Qd6 31. Bxg7 Rxg7 32. Rh6 Qf6 33. Rgh1 Kf7 34. Qa5 Qe7 35. Re1 Qb7 36. Qc5 Qd7 37. Qxd4 c5 38. Qh4 Re8 39. Rh1 Qe6 40. Rh7 Qf6 41. Qf4 d4 42. Qc7+ Qe7 43. Rxg7+ Kxg7 44. Qh2 Qe2 45. Qh7+ Kf6 46. Qxa7 Qd3+ 47. Kc1 Qc4+ 48. Kb1 Qd3+ 49. Kc1 Qxf3 50. Qb6+ Re6 51. Qd8+ Re7 52. Qf8+ Rf7 53. Qd6+ Kg7 54. Qe5+ Rf6 55. Qh2 Qh5 56. Qc7+ Rf7 57. Qe5+ 1-0

[Event "UKR-ch"]
[Site "Alushta"]
[Date "2009.05.15"]
[Round "5"]
[White "Arkhipov, Vladimir"]
[Black "Tihonov, Gennady"]
[Result "1-0"]
[WhiteElo "2183"]
[BlackElo "1984"]
[PlyCount "79"]
[EventDate "2009.05.11"]
[EventType "swiss"]
[EventRounds "9"]
[EventCountry "UKR"]
[SourceTitle "CBM 130 Extra"]
[Source "ChessBase"]
[SourceDate "2009.07.02"]
[SourceVersion "2"]
[SourceVersionDate "2009.07.15"]
[SourceQuality "1"]

1. Nf3 d5 2. g3 g6 3. Bg2 Bg7 4. 0-0 e5 5. d3 Ne7 6. c4 0-0 7. cxd5 Nxd5 8. Bg5 Qd6 9. Nbd2 c6 10. Nc4 Qc7 11. Qd2 Re8 12. Bh6 Bh8 13. Ng5 Bg4 14. Rac1 Na6 15. h3 Bd7 16. a3 Nb6 17. Na5 f6 18. Ne4 Be6 19. b4 Qd7 20. h4 Nd5 21. Rc2 Ne7 22. a4 Bd5 23. Rfc1 Rac8 24. Be3 f5 25. b5 cxb5 26. axb5 Rxc2 27. Rxc2 fxe4 28. dxe4 Qxb5 29. exd5 Nf5 30. Rb2 Qa4 31. Bxa7 e4 32. Rxb7 Qa1+ 33. Kh2 Bc3 34. Qc2 Bxa5 35. Qc6 Qe5 36. Qxa6 e3 37. f4 Qc3 38. Qc6 Rc8 39. Qe6+ Kh8 40. Bd4+ 1-0

[Event "UKR-ch"]
[Site "Alushta"]
[Date "2009.05.13"]
[Round "3"]
[White "Khazankin, Moisey"]
[Black "Tihonov, Gennady"]
[Result "1-0"]
[WhiteElo "2134"]
[BlackElo "1984"]
[PlyCount "115"]
[EventDate "2009.05.11"]
[EventType "swiss"]
[EventRounds "9"]
[EventCountry "UKR"]
[SourceTitle "CBM 130 Extra"]
[Source "ChessBase"]
[SourceDate "2009.07.02"]
[SourceVersion "2"]
[SourceVersionDate "2009.07.15"]
[SourceQuality "1"]

1. e4 c6 2. d4 d5 3. exd5 cxd5 4. Bd3 Nc6 5. c3 Nf6 6. Bf4 Qb6 7. Qb3 Qxb3 8. axb3 Nh5 9. Be3 e6 10. Nf3 Bd6 11. g3 0-0 12. b4 Bd7 13. b5 Ne7 14. Ne5 Rfd8 15. Nxd7 Rxd7 16. f4 Nf6 17. Nd2 Nf5 18. Bf2 Bc7 19. 0-0 Nd6 20. Rfe1 Bb6 21. h3 h5 22. Kg2 g6 23. Kf3 Kg7 24. g4 hxg4+ 25. hxg4 Rh8 26. Rh1 Rxh1 27. Rxh1 Rd8 28. Bh4 Ra8 29. Bxf6+ Kxf6 30. Rh7 a5 31. bxa6 bxa6 32. g5+ Ke7 33. Bxg6 Rg8 34. Bd3 a5 35. Kg4 Ke8 36. Nf3 Bd8 37. Ne5 a4 38. Bc2 a3 39. bxa3 Ba5 40. Ba4+ Kf8 41. Bc2 Bxc3 42. Nc6 Nb5 43. Rh3 Ba1 44. Rd3 Kg7 45. a4 Nc3 46. Rh3 Ne4 47. Bxe4 dxe4 48. Ra3 Bb2 49. Rb3 Rc8 50. Rb6 Bc1 51. a5 Rh8 52. Rb1 Bd2 53. a6 e3 54. a7 Ra8 55. Kf3 Rc8 56. Ke2 Rxc6 57. a8Q Rc2 58. Qa4 1-0